all about the uk - Statistics

General Stats
  • This quiz has been taken 25 times
  • The average score is 7 of 10
Answer Stats
Hint Answer % Correct
How many runways does Heathrow Airport have? 2
95%
How many countries make up the uk? 4
95%
What is the official language that the UK uses? English
95%
How old are you when you start secondary school? 11
89%
True or False? HollyOaks is a documentary False
84%
what british F1 driver raced for McLaren, Mercedes and Ferrari? Lewis Hamilton
74%
What does BA stand for? British Airways
63%
As of November 2024, who is prime minister? Kier Starmer
37%
What is the capital of Scotland? Edinburgh
26%
What monarch reined for the longest time? Elizabeth 2nd
21%
No matching quizzes found
Score Distribution
Percent of People with Each Score
Percentile by Number Answered
Your Score History
You have not taken this quiz